000 00448cam a22001814a 4500
005 20250605164114.0
008 250528s ||||||||||||||||||||||||d
035 _a18012
040 _aGR-AtMCL
_bgre
_dGR-AtMCL
_eAACR2
245 1 _aΓΙ' ΑΥΤΟΝ ΠΟΥ ΠΕΘΑΙΝΕΙ
250 _a1
260 _bΤαμασος,
_c1974
300 _a175
700 1 _aKubler-Ross Elisabeth
_94330
942 _cBK
999 _c3404
_d3404